| 000 | 00851pab a2200145 454500 | ||
|---|---|---|---|
| 008 | 180718b2001 xxu||||| |||| 00| 0 eng d | ||
| 245 | _aPEOPLE-centered, growth-oriented governance | ||
| 260 | _c2001 | ||
| 300 | _ap.1-11. | ||
| 362 | _aJul | ||
| 520 | _aIn this paper, the Government of Andhra Pradesh have drawn up a vision for 2020 by which time the government would have withdrawn from sectors best operated by the private sector, while retaining their responsibility as a prudent regular to ensure social equity and fair competition in the new circumstances. The government would also refocus public spending towards achieving developmental goals; and undertake focused communication to address concerns arising from the dramatic changes involved. - Reproduced. | ||
| 650 | _aPublic administration | ||
| 773 | _aAdministrator | ||
| 909 | _a52645 | ||
| 999 |
_c52645 _d52645 |
||